[Event "Aeroflot Open 2016 B"]
[Site "Moscu RUS"]
[Date "2016.03.05"]
[Round "5.33"]
[White "Melia, Salome"]
[Black "Praggnanandhaa, R."]
[Result "0-1"]
[WhiteElo "2452"]
[BlackElo "2339"]
[PlyCount "78"]
[EventDate "2016.03.01"]
[EventType "swiss"]
[EventRounds "9"]
[EventCountry "RUS"]
[Source "lmi"]
[SourceDate "2016.03.01"]

1. e4 e5 2. Bc4 Nf6 3. d3 Nc6 4. Nc3 Na5 5. Nge2 Be7 6. O-O O-O 7. a4 Nxc4 8.
dxc4 d6 9. a5 c6 10. Qd3 Be6 11. a6 b6 12. Rd1 Nd7 13. b4 Qc7 14. Ng3 Nf6 15.
Bg5 Rfd8 16. h3 h6 17. Bxf6 Bxf6 18. Rab1 g6 19. Nf1 Bg5 20. Re1 f5 21. exf5
gxf5 22. Qe2 Qf7 23. c5 Bc4 24. Qf3 e4 25. Qg3 f4 26. Qg4 Be6 27. Qe2 d5 28.
cxb6 axb6 29. Na4 b5 30. Nc5 Bf5 31. f3 e3 32. Ra1 Kh8 33. g4 fxg3 34. Nxe3
Bxh3 35. Qd1 Re8 36. Qd4+ Bf6 37. Qf4 Qg7 38. Ra3 Bg5 39. Qd6 Bxe3+ 0-1

[Event "Aeroflot Open 2016 B"]
[Site "Moscu RUS"]
[Date "2016.03.05"]
[Round "5.34"]
[White "Pustovoitova, Daria"]
[Black "Oganian, Miran"]
[Result "0-1"]
[WhiteElo "2337"]
[BlackElo "2422"]
[PlyCount "68"]
[EventDate "2016.03.01"]
[EventType "swiss"]
[EventRounds "9"]
[EventCountry "RUS"]
[Source "lmi"]
[SourceDate "2016.03.01"]

1. d4 Nf6 2. c4 c5 3. d5 e6 4. Nc3 exd5 5. cxd5 d6 6. Nf3 g6 7. Bf4 a6 8. a4
Bg7 9. h3 O-O 10. e3 Re8 11. Nd2 Nbd7 12. Nc4 Ne4 13. Nxe4 Rxe4 14. Qc2 Nf6 15.
Bg3 Bf5 16. Bd3 Rxc4 17. Qxc4 b5 18. Qc2 Bxd3 19. Qxd3 c4 20. Qc2 Nxd5 21. Qd2
Nb6 22. axb5 axb5 23. Rxa8 Qxa8 24. O-O d5 25. Bd6 Qa2 26. Bc5 c3 27. Qd3 Na4
28. b4 Qc4 29. Qxc4 dxc4 30. Bd4 Bf8 31. Rb1 Bxb4 32. Kf1 Ba3 33. Rxb5 c2 34.
Rb8+ Bf8 0-1

[Event "Aeroflot Open 2016 B"]
[Site "Moscu RUS"]
[Date "2016.03.05"]
[Round "5.35"]
[White "Derakhshani, Dorsa"]
[Black "Mirzoyan, David"]
[Result "0-1"]
[WhiteElo "2401"]
[BlackElo "2241"]
[PlyCount "70"]
[EventDate "2016.03.01"]
[EventType "swiss"]
[EventRounds "9"]
[EventCountry "RUS"]
[Source "lmi"]
[SourceDate "2016.03.01"]

1. e4 e5 2. Nf3 Nc6 3. Bb5 a6 4. Ba4 Nf6 5. O-O b5 6. Bb3 Be7 7. Nc3 O-O 8. Qe2
d6 9. a4 Bg4 10. Qe3 Bxf3 11. Qxf3 Nd4 12. Qe3 c5 13. axb5 c4 14. Bxc4 Nxc2 15.
Qd3 Nxa1 16. bxa6 Qb8 17. Nd5 Nxd5 18. Bxd5 Ra7 19. b3 Rc7 20. Bc4 Rxc4 21.
bxc4 Nb3 22. Ba3 Na5 23. Rb1 Qa8 24. Rb6 Rb8 25. Qb1 Nc6 26. Rxb8+ Nxb8 27. Qb5
Nxa6 28. Qd7 Qf8 29. f4 Nc5 30. Bxc5 dxc5 31. fxe5 Qd8 32. Qd5 Qxd5 33. exd5
Bg5 34. Kf2 Bxd2 35. Kf3 Kf8 0-1

[Event "Aeroflot Open 2016 B"]
[Site "Moscu RUS"]
[Date "2016.03.05"]
[Round "5.36"]
[White "Slavin, Alexey"]
[Black "Li, Yankai"]
[Result "1-0"]
[WhiteElo "2384"]
[BlackElo "2175"]
[PlyCount "141"]
[EventDate "2016.03.01"]
[EventType "swiss"]
[EventRounds "9"]
[EventCountry "RUS"]
[Source "lmi"]
[SourceDate "2016.03.01"]

1. d4 Nf6 2. Bg5 e6 3. Nd2 d5 4. e3 c5 5. c3 Nc6 6. f4 Be7 7. Bd3 b6 8. Ngf3
Bb7 9. O-O h6 10. Bh4 O-O 11. Bxf6 Bxf6 12. Qe2 a5 13. g4 g6 14. h4 Bg7 15. h5
g5 16. Qh2 f6 17. f5 e5 18. dxe5 Nxe5 19. Nxe5 fxe5 20. e4 d4 21. a4 Bf6 22.
Qe2 Kg7 23. Rfd1 Rf7 24. Bc4 Re7 25. Bb5 Rb8 26. Nc4 Kh8 27. Kh2 Qc7 28. Kh3
Rd8 29. Kg3 Ba8 30. Kf3 Qb7 31. Rac1 Kh7 32. Rd2 Qb8 33. Rcd1 Qc7 34. Na3 Qb8
35. Nc4 Qc7 36. Re1 Qb8 37. Kg3 Qb7 38. Kh3 Qb8 39. Kh2 Qc7 40. Kg1 Qb7 41. Kh2
Qc7 42. Kh3 Qb8 43. cxd4 cxd4 44. Kg3 Rc7 45. Qd3 Rc5 46. Rc2 Rdc8 47. Rec1 Qc7
48. Kf3 Kg7 49. Na3 Be7 50. Rxc5 Bxc5 51. Nb1 Qe7 52. Nd2 Rc7 53. Ke2 Bb7 54.
Qb3 Qf6 55. Kd3 Re7 56. Qc4 Bd6 57. Ba6 Bxa6 58. Qxa6 Bc5 59. Qc8 Rf7 60. Nb3
Rf8 61. Qd7+ Rf7 62. Qd5 Rc7 63. Nxc5 bxc5 64. Rxc5 Rxc5 65. Qxc5 Qa6+ 66. Qb5
Qd6 67. Qxa5 Kf6 68. Qb5 Qc7 69. Qc4 Qa5 70. Qe6+ Kg7 71. f6+ 1-0

[Event "Aeroflot Open 2016 B"]
[Site "Moscu RUS"]
[Date "2016.03.05"]
[Round "5.37"]
[White "Torosyan, Norayr"]
[Black "Demianjuk, Alexander"]
[Result "1-0"]
[WhiteElo "2378"]
[BlackElo "2336"]
[PlyCount "117"]
[EventDate "2016.03.01"]
[EventType "swiss"]
[EventRounds "9"]
[EventCountry "RUS"]
[Source "lmi"]
[SourceDate "2016.03.01"]

1. e4 c5 2. Nf3 d6 3. d4 cxd4 4. Nxd4 Nf6 5. Nc3 a6 6. h3 e6 7. g4 Be7 8. Bg2
Nfd7 9. Be3 Nc6 10. O-O O-O 11. Nce2 Nde5 12. b3 Nxd4 13. Nxd4 Ng6 14. Qd2 Qc7
15. c4 Bd7 16. a4 Rac8 17. a5 Ne5 18. f4 Nc6 19. Ne2 Rfe8 20. Bb6 Qb8 21. Rad1
d5 22. cxd5 exd5 23. Qxd5 Be6 24. Qd3 Bd8 25. f5 Bxb6+ 26. axb6 Ne5 27. Qe3 Bd7
28. Nf4 Bb5 29. Rfe1 Rc2 30. f6 Bc6 31. Re2 Rxe2 32. Nxe2 Ng6 33. Nd4 Qd8 34.
fxg7 Qxb6 35. Re1 Bd7 36. Qf2 Ne5 37. Rf1 Qc5 38. Nf5 Qxf2+ 39. Rxf2 b6 40. Rd2
a5 41. Rd5 b5 42. Bf1 Bxf5 43. exf5 Kxg7 44. Bxb5 Re7 45. Bf1 Kf6 46. Rxa5 h5
47. gxh5 Kxf5 48. Kf2 Kf4 49. Be2 f6 50. Ra4+ Kg5 51. b4 Rc7 52. b5 Rc2 53. h4+
Kf5 54. Ke3 Rb2 55. Rf4+ Ke6 56. h6 Rc2 57. h7 Rc8 58. Bg4+ Nxg4+ 59. Rxg4 1-0

[Event "Aeroflot Open 2016 B"]
[Site "Moscu RUS"]
[Date "2016.03.05"]
[Round "5.38"]
[White "Charochkina, Daria"]
[Black "Von Meijenfeldt, Bart"]
[Result "1-0"]
[WhiteElo "2381"]
[BlackElo "2295"]
[PlyCount "81"]
[EventDate "2016.03.01"]
[EventType "swiss"]
[EventRounds "9"]
[EventCountry "RUS"]
[Source "lmi"]
[SourceDate "2016.03.01"]

1. d4 Nf6 2. Nf3 g6 3. Nc3 d5 4. Bf4 Bg7 5. e3 O-O 6. Be2 c5 7. O-O cxd4 8.
exd4 Nc6 9. Ne5 Qb6 10. Nxc6 bxc6 11. Na4 Qa5 12. c3 Nd7 13. Re1 e5 14. dxe5
Nxe5 15. Bf1 Re8 16. b4 Qd8 17. Qd2 Bf5 18. Nc5 Nc4 19. Rxe8+ Qxe8 20. Bxc4
dxc4 21. Re1 Qd8 22. Qe3 a5 23. a3 axb4 24. axb4 Qf6 25. Qe8+ Rxe8 26. Rxe8+
Bf8 27. Bh6 Qe7 28. Rxf8+ Qxf8 29. Bxf8 Kxf8 30. Kf1 Ke7 31. Ke2 Kd6 32. Ke3
Kd5 33. Na4 Bd3 34. Nb6+ Ke5 35. f4+ Kf5 36. Nd7 f6 37. g4+ Kxg4 38. Nxf6+ Kh3
39. Nxh7 Kxh2 40. Ng5 Kg3 41. Nf7 1-0

[Event "Aeroflot Open 2016 B"]
[Site "Moscu RUS"]
[Date "2016.03.05"]
[Round "5.39"]
[White "Kulkarni, Rakesh"]
[Black "Iniyan, P."]
[Result "1/2-1/2"]
[WhiteElo "2357"]
[BlackElo "2295"]
[PlyCount "84"]
[EventDate "2016.03.01"]
[EventType "swiss"]
[EventRounds "9"]
[EventCountry "RUS"]
[Source "lmi"]
[SourceDate "2016.03.01"]

1. e4 c5 2. c3 d5 3. exd5 Qxd5 4. d4 Nc6 5. Nf3 Bg4 6. Be2 e6 7. O-O Nf6 8. Be3
cxd4 9. cxd4 Be7 10. h3 Bh5 11. Nc3 Qd6 12. a3 O-O 13. Qb3 a6 14. Rfd1 Rfd8 15.
Rac1 b5 16. Rd2 Rac8 17. Qd1 Nd5 18. Ne4 Qb8 19. Rdc2 Qa8 20. Qd2 Nf6 21. Nxf6+
Bxf6 22. Rc5 Nxd4 23. Bxd4 Rxc5 24. Rxc5 Bxd4 25. Nxd4 Bxe2 26. Qf4 Bc4 27. Nc6
Rd1+ 28. Kh2 Qf8 29. Qc7 h6 30. Ne5 Be2 31. b4 f6 32. Ng6 Qd6+ 33. Nf4 Bc4 34.
Rc6 Qxc7 35. Rxc7 e5 36. Ng6 Rd6 37. Ne7+ Kh8 38. Nf5 Rd2 39. Kg1 Rd1+ 40. Kh2
Rd2 41. Kg1 Rd1+ 42. Kh2 Rd2 1/2-1/2

[Event "Aeroflot Open 2016 B"]
[Site "Moscu RUS"]
[Date "2016.03.05"]
[Round "5.40"]
[White "Bogumil, Tatiana"]
[Black "Abdulov, Orkhan"]
[Result "0-1"]
[WhiteElo "2132"]
[BlackElo "2354"]
[PlyCount "120"]
[EventDate "2016.03.01"]
[EventType "swiss"]
[EventRounds "9"]
[EventCountry "RUS"]
[Source "lmi"]
[SourceDate "2016.03.01"]

1. Nf3 c5 2. c4 Nf6 3. Nc3 e6 4. g3 d5 5. cxd5 exd5 6. d4 Nc6 7. Bg2 Be6 8. O-O
Rc8 9. dxc5 Bxc5 10. Bg5 h6 11. Bxf6 Qxf6 12. Nxd5 Qxb2 13. e4 O-O 14. Qc1 Qxc1
15. Raxc1 Bxd5 16. exd5 Nb4 17. a4 Bxf2+ 18. Kh1 Rxc1 19. Rxc1 Rd8 20. Ne5 Bd4
21. Rc4 Bxe5 22. Rxb4 Rc8 23. Bf3 b6 24. Re4 f6 25. Kg2 Kf7 26. Be2 Rc2 27. Kf3
Ke7 28. Rg4 g5 29. Rc4 Rd2 30. h4 f5 31. hxg5 hxg5 32. g4 fxg4+ 33. Rxg4 Bf4
34. Bb5 Rxd5 35. Rg1 Rd4 36. Rh1 a6 37. Rh7+ Kf8 38. Bxa6 Rxa4 39. Bb5 Rb4 40.
Bc6 Bd6 41. Bd5 g4+ 42. Ke2 Rd4 43. Bc6 g3 44. Rb7 Rb4 45. Bd5 b5 46. Rf7+ Ke8
47. Rg7 Rb2+ 48. Kd3 b4 49. Rg6 Ke7 50. Kc4 Rd2 51. Be4 Be5 52. Kb3 Rd4 53. Bf5
Kf7 54. Bc2 Rh4 55. Rg5 Ke6 56. Rg8 Kd5 57. Rd8+ Bd6 58. Ra8 g2 59. Rg8 Rh3+
60. Ka4 Rg3 0-1

[Event "Aeroflot Open 2016 B"]
[Site "Moscu RUS"]
[Date "2016.03.05"]
[Round "5.41"]
[White "Spichkin, Alexander"]
[Black "Elistratov, Semen"]
[Result "0-1"]
[WhiteElo "2130"]
[BlackElo "2335"]
[PlyCount "112"]
[EventDate "2016.03.01"]
[EventType "swiss"]
[EventRounds "9"]
[EventCountry "RUS"]
[Source "lmi"]
[SourceDate "2016.03.01"]

1. d4 Nf6 2. e3 e6 3. Bd3 b6 4. Nf3 Bb7 5. Nbd2 d5 6. b3 Bd6 7. Bb2 Nbd7 8. O-O
O-O 9. Ne5 Qe7 10. a3 h6 11. f4 Ne4 12. Ndf3 c5 13. Nxd7 Qxd7 14. Ne5 Qe7 15.
c4 Rac8 16. a4 Rfd8 17. Qe2 cxd4 18. exd4 f5 19. a5 Bxe5 20. fxe5 dxc4 21. bxc4
Kh8 22. axb6 axb6 23. Ra7 Ra8 24. Rfa1 Rxa7 25. Rxa7 Ra8 26. Rxa8+ Bxa8 27. Qe1
Qd8 28. Qa1 Kh7 29. Qc1 Qh4 30. Qe3 Bb7 31. Bc2 Ng5 32. Qg3 Qh5 33. d5 Qe2 34.
Qd3 Qe1+ 35. Qf1 Qb4 36. Bd4 Bxd5 37. h4 Ne4 38. Bxe4 Bxe4 39. Qf2 Qxc4 40.
Bxb6 Qd5 41. Qg3 Qd1+ 42. Kh2 Qe2 43. Bf2 Bd5 44. Kg1 Qd1+ 45. Kh2 Qh5 46. Kg1
Qe2 47. Kh2 g5 48. hxg5 hxg5 49. Kg1 Qd1+ 50. Kh2 Qf1 51. Bg1 Kg6 52. Qf2 Qd1
53. Kh1 f4 54. Qd4 Qh5+ 55. Bh2 Qe2 56. Qa7 f3 0-1

[Event "Aeroflot Open 2016 B"]
[Site "Moscu RUS"]
[Date "2016.03.05"]
[Round "5.42"]
[White "Bashirli, Nail"]
[Black "Aslanov, Farid"]
[Result "1/2-1/2"]
[WhiteElo "2332"]
[BlackElo "2171"]
[PlyCount "148"]
[EventDate "2016.03.01"]
[EventType "swiss"]
[EventRounds "9"]
[EventCountry "RUS"]
[Source "lmi"]
[SourceDate "2016.03.01"]

1. e4 e6 2. d4 d5 3. Nd2 dxe4 4. Nxe4 Nd7 5. Nf3 Ngf6 6. Bd3 Be7 7. O-O Nxe4 8.
Bxe4 Nf6 9. Bd3 O-O 10. Qe2 b6 11. Bf4 Bb7 12. Rad1 h6 13. c4 Bd6 14. Ne5 Qe7
15. Bc2 c5 16. Bg3 Rfd8 17. Bh4 g5 18. Bg3 cxd4 19. Bd3 Nd7 20. f4 gxf4 21.
Bxf4 Nxe5 22. Bxe5 Bxe5 23. Qxe5 Qg5 24. Qxg5+ hxg5 25. Rde1 Rac8 26. b4 Ba6
27. b5 Bb7 28. Re5 Rc5 29. Rxc5 bxc5 30. Re1 f6 31. Rxe6 Kf7 32. Re2 Bc8 33. a4
a5 34. b6 Bb7 35. Rb2 Rb8 36. Rb5 Bc6 37. Rxa5 Rxb6 38. Rxc5 Bxa4 39. Rd5 Rb2
40. Rxd4 Bc6 41. Rg4 Rd2 42. Bf1 Kg6 43. Rg3 f5 44. Re3 Kf6 45. h3 Rc2 46. Re1
Bd7 47. Ra1 Be6 48. Ra6 Ke5 49. Ra5+ Kd4 50. Ra6 Bxc4 51. Bxc4 Rxc4 52. Rg6 g4
53. hxg4 Ke5 54. gxf5 Kxf5 55. Rb6 Kg5 56. Kh2 Rh4+ 57. Kg3 Rg4+ 58. Kf3 Rf4+
59. Ke3 Ra4 60. Rb5+ Kg4 61. Rb8 Ra3+ 62. Kf2 Ra2+ 63. Kg1 Ra1+ 64. Kh2 Ra2 65.
Rg8+ Kh4 66. Rd8 Kg4 67. Rd4+ Kg5 68. Kh3 Ra3+ 69. g3 Ra5 70. Rd8 Ra4 71. Rd5+
Kg6 72. g4 Ra7 73. Kg2 Ra2+ 74. Kg3 Ra1 1/2-1/2

[Event "Aeroflot Open 2016 B"]
[Site "Moscu RUS"]
[Date "2016.03.05"]
[Round "5.43"]
[White "Ovod, Evgenija"]
[Black "Qiu, Mengjie"]
[Result "1/2-1/2"]
[WhiteElo "2324"]
[BlackElo "2169"]
[PlyCount "66"]
[EventDate "2016.03.01"]
[EventType "swiss"]
[EventRounds "9"]
[EventCountry "RUS"]
[Source "lmi"]
[SourceDate "2016.03.01"]

1. d4 Nf6 2. Bg5 d5 3. e3 Nbd7 4. Nf3 e6 5. c4 Be7 6. Nc3 O-O 7. Rc1 c6 8. Bd3
dxc4 9. Bxc4 Nd5 10. Bxe7 Qxe7 11. O-O Nxc3 12. Rxc3 e5 13. Bb3 Rd8 14. Qc2
exd4 15. exd4 Nf8 16. Re1 Be6 17. Qf5 Qc7 18. Qe5 Qxe5 19. dxe5 h6 20. g3 Bxb3
21. Rxb3 b6 22. h4 Ne6 23. Kg2 Rd5 24. Rc1 c5 25. Ra3 Kf8 26. Rcc3 Ke7 27. Rcb3
Nc7 28. Ra4 Kd7 29. Rf4 Rf8 30. Rg4 Rg8 31. Rf4 Rf8 32. Rg4 Rg8 33. Rf4 Rf8
1/2-1/2

[Event "Aeroflot Open 2016 B"]
[Site "Moscu RUS"]
[Date "2016.03.05"]
[Round "5.44"]
[White "Hojjatova, Aydan"]
[Black "Yuan, Ye"]
[Result "1/2-1/2"]
[WhiteElo "2323"]
[BlackElo "2140"]
[PlyCount "133"]
[EventDate "2016.03.01"]
[EventType "swiss"]
[EventRounds "9"]
[EventCountry "RUS"]
[Source "lmi"]
[SourceDate "2016.03.01"]

1. e4 c5 2. Nf3 e6 3. d4 cxd4 4. Nxd4 Nc6 5. Nc3 Qc7 6. Be3 a6 7. Be2 Nf6 8.
O-O Bb4 9. Na4 Be7 10. Nxc6 bxc6 11. Nb6 Rb8 12. Nxc8 Qxc8 13. Bd4 c5 14. Be5
Rb6 15. Qd3 d6 16. Bc3 O-O 17. b3 Nd7 18. Rad1 Bf6 19. Ba5 Rc6 20. f4 c4 21.
bxc4 Nb6 22. e5 dxe5 23. Bf3 Rd8 24. Qe2 e4 25. Bxe4 Rcd6 26. Rxd6 Rxd6 27. Bb4
Rd4 28. Bd3 Na4 29. c3 Rd8 30. Qc2 h5 31. Kh1 Nb2 32. Bh7+ Kh8 33. Qxb2 Kxh7
34. Qe2 g6 35. Qe4 Rd2 36. a4 Qd8 37. Qb7 Rd1 38. Qf3 Rxf1+ 39. Qxf1 a5 40. Bc5
Bxc3 41. Qf3 Qd2 42. h3 Bd4 43. Bxd4 Qxd4 44. Qf1 Qe3 45. Kh2 h4 46. c5 Qxc5
47. Qe1 g5 48. fxg5 Qxg5 49. Qe4+ Kg7 50. Kg1 Qc5+ 51. Kh2 Qb4 52. Qe5+ Kg6 53.
Qb5 Qd6+ 54. Kh1 Qd2 55. Qe8 Kg7 56. Qb5 Qe1+ 57. Kh2 Kf6 58. Qd7 Kg6 59. Qe8
Kg7 60. Qb5 e5 61. Qd5 Qe3 62. Qd8 Qg3+ 63. Kh1 Qe1+ 64. Kh2 Qg3+ 65. Kh1 Qe1+
66. Kh2 Kh7 67. Qg5 1/2-1/2

[Event "Aeroflot Open 2016 B"]
[Site "Moscu RUS"]
[Date "2016.03.05"]
[Round "5.45"]
[White "Arabidze, Meri"]
[Black "Oganisian, Roman"]
[Result "0-1"]
[WhiteElo "2390"]
[BlackElo "2337"]
[PlyCount "102"]
[EventDate "2016.03.01"]
[EventType "swiss"]
[EventRounds "9"]
[EventCountry "RUS"]
[Source "lmi"]
[SourceDate "2016.03.01"]

1. d4 Nf6 2. c4 c5 3. d5 a6 4. a4 d6 5. Nc3 Bf5 6. Nf3 h6 7. Nd2 g5 8. e4 Bh7
9. Bd3 Nbd7 10. O-O Ne5 11. Bc2 Bg7 12. Qe2 Ng6 13. Re1 Nf4 14. Qd1 Nd7 15. Nf1
Ne5 16. Ne3 a5 17. Ra3 Qd7 18. Rb3 h5 19. Nf5 Bf6 20. Ne2 Nxe2+ 21. Rxe2 g4 22.
Kh1 h4 23. h3 O-O-O 24. hxg4 Nxg4 25. Qe1 Qc7 26. Rh3 e6 27. Ne3 Rdg8 28. Nd1
Ne5 29. Nc3 b6 30. Nb5 Qd7 31. Qd1 Be7 32. f4 Ng4 33. e5 Bxc2 34. Rxc2 dxe5 35.
d6 Bd8 36. Qe2 f6 37. Be3 Nxe3 38. Qxe3 Rg3 39. Qe4 Kb8 40. fxe5 f5 41. Qe2 Qb7
42. Rc3 Rhg8 43. Rcxg3 Rxg3 44. Rxg3 hxg3 45. Kg1 Qh7 46. Qf3 Qh2+ 47. Kf1 Qh1+
48. Ke2 Qc1 49. Kd3 Qb1+ 50. Kc3 Qe1+ 51. Kc2 Qf2+ 0-1

[Event "Aeroflot Open 2016 B"]
[Site "Moscu RUS"]
[Date "2016.03.05"]
[Round "5.46"]
[White "Utiatskaja, Irina"]
[Black "Murtazin, Bulat"]
[Result "0-1"]
[WhiteElo "2215"]
[BlackElo "2315"]
[PlyCount "64"]
[EventDate "2016.03.01"]
[EventType "swiss"]
[EventRounds "9"]
[EventCountry "RUS"]
[Source "lmi"]
[SourceDate "2016.03.01"]

1. d4 Nf6 2. Nf3 d5 3. c4 e6 4. g3 dxc4 5. Bg2 a6 6. O-O Nc6 7. e3 Bd7 8. Qe2
b5 9. b3 cxb3 10. axb3 Bb4 11. Bb2 O-O 12. Nc3 Na5 13. Na2 Be7 14. Nd2 Bc6 15.
e4 b4 16. Rfd1 Bb5 17. Qf3 Nb7 18. Nc1 a5 19. Bf1 Qe8 20. Bxb5 Qxb5 21. Qd3 c6
22. Qc2 c5 23. e5 Nd5 24. Qc4 Qxc4 25. Nxc4 Rfd8 26. Ne2 h6 27. Ra2 cxd4 28.
Rxd4 Nc5 29. Rxa5 Nxb3 30. Rxa8 Rxa8 31. Rd1 Rc8 32. Nd6 Rc2 0-1

[Event "Aeroflot Open 2016 B"]
[Site "Moscu RUS"]
[Date "2016.03.06"]
[Round "6.1"]
[White "Arribas Lopez, Angel"]
[Black "Konovalov, Nikolay"]
[Result "1/2-1/2"]
[WhiteElo "2543"]
[BlackElo "2437"]
[PlyCount "80"]
[EventDate "2016.03.01"]
[EventType "swiss"]
[EventRounds "9"]
[EventCountry "RUS"]
[Source "lmi"]
[SourceDate "2016.03.01"]

1. e4 c6 2. Nc3 d5 3. Nf3 Bg4 4. d4 e6 5. h3 Bh5 6. exd5 cxd5 7. g4 Bg6 8. Ne5
Nc6 9. h4 f6 10. Nxg6 hxg6 11. Qd3 Kf7 12. h5 gxh5 13. gxh5 Bb4 14. Bd2 Nge7
15. a3 Ba5 16. Bh3 Qb6 17. b4 Bxb4 18. Rb1 Bxc3 19. Rxb6 Bxd2+ 20. Kxd2 axb6
21. Qe3 f5 22. Bf1 Ra4 23. Rh4 e5 24. Bb5 Rxd4+ 25. Rxd4 Nxd4 26. Be2 Nxe2 27.
Qxe5 Ng1 28. Qg3 Rxh5 29. Qxg1 Rh3 30. c3 Rh4 31. Qg3 Ra4 32. Qd6 g5 33. Kc2 b5
34. Kb3 g4 35. Qh6 Rc4 36. Qh8 Rf4 37. Qh5+ Kf6 38. Qh4+ Kf7 39. Qh5+ Kf6 40.
Qh4+ Kf7 1/2-1/2

[Event "Aeroflot Open 2016 B"]
[Site "Moscu RUS"]
[Date "2016.03.06"]
[Round "6.2"]
[White "Harutyunian, Tigran K"]
[Black "Diermair, Andreas"]
[Result "1/2-1/2"]
[WhiteElo "2426"]
[BlackElo "2450"]
[PlyCount "50"]
[EventDate "2016.03.01"]
[EventType "swiss"]
[EventRounds "9"]
[EventCountry "RUS"]
[Source "lmi"]
[SourceDate "2016.03.01"]

1. Nf3 d5 2. g3 Nf6 3. Bg2 e6 4. O-O Be7 5. c4 O-O 6. d4 dxc4 7. Qa4 a6 8. Qxc4
b5 9. Qc2 Bb7 10. Bd2 Be4 11. Qc1 c6 12. Rd1 Nbd7 13. b4 a5 14. bxa5 b4 15. Be1
Rxa5 16. Nbd2 Bd5 17. Nc4 Ra6 18. Rd2 Nb6 19. Ne3 Qa8 20. Rb2 Ra4 21. Nxd5 cxd5
22. Ne5 Rc8 23. Qb1 Nc4 24. Nxc4 Rxc4 25. e3 Ne4 1/2-1/2

[Event "Aeroflot Open 2016 B"]
[Site "Moscu RUS"]
[Date "2016.03.06"]
[Round "6.3"]
[White "Rozum, Ivan"]
[Black "Gordievsky, Dmitry"]
[Result "1/2-1/2"]
[WhiteElo "2543"]
[BlackElo "2524"]
[PlyCount "86"]
[EventDate "2016.03.01"]
[EventType "swiss"]
[EventRounds "9"]
[EventCountry "RUS"]
[Source "lmi"]
[SourceDate "2016.03.01"]

1. Nf3 Nf6 2. g3 g6 3. b3 Bg7 4. Bb2 c5 5. c4 d6 6. Bg2 e5 7. O-O O-O 8. Nc3
Nc6 9. e3 Bf5 10. Nh4 Bd3 11. Re1 e4 12. f3 exf3 13. Bxf3 g5 14. Ng2 Ne5 15.
Nd5 Nfd7 16. Bc3 f5 17. Be2 Be4 18. Rf1 b5 19. d4 cxd4 20. exd4 Bxd5 21. cxd5
Qb6 22. Kh1 Ng6 23. Qd3 b4 24. Bb2 Rae8 25. Rae1 Qa5 26. Rxf5 Qxa2 27. Rxf8+
Ndxf8 28. Bc1 Bxd4 29. Ne3 Bxe3 30. Bxe3 Ne5 31. Qb5 Ned7 32. Bh5 Re4 33. Bf3
Re7 34. Qxb4 Nc5 35. Re2 Qxb3 36. Qxb3 Nxb3 37. Bxg5 Rxe2 38. Bxe2 Kf7 39. Kg2
a5 40. Bb5 Nc5 41. Bf4 Ke7 42. Bg5+ Kf7 43. Bf4 Ke7 1/2-1/2

[Event "Aeroflot Open 2016 B"]
[Site "Moscu RUS"]
[Date "2016.03.06"]
[Round "6.5"]
[White "Paravyan, David"]
[Black "Moskalenko, Alexander"]
[Result "1-0"]
[WhiteElo "2506"]
[BlackElo "2475"]
[PlyCount "75"]
[EventDate "2016.03.01"]
[EventType "swiss"]
[EventRounds "9"]
[EventCountry "RUS"]
[Source "lmi"]
[SourceDate "2016.03.01"]

1. e4 c5 2. Nf3 e6 3. d4 cxd4 4. Nxd4 a6 5. c4 Nf6 6. Nc3 Qc7 7. Be2 d6 8. O-O
b6 9. Be3 Bb7 10. f3 Be7 11. Qd2 O-O 12. Rfd1 Nbd7 13. Bf1 Rfe8 14. Rac1 Rac8
15. Qf2 Qb8 16. b4 Bd8 17. Nb3 Bc7 18. g3 Ne5 19. Be2 Ba8 20. Na4 Qb7 21. Bxb6
Nxe4 22. fxe4 Qxe4 23. Kf1 Bb8 24. Bd4 Ng4 25. Bxg4 Qxg4 26. Nb6 Bf3 27. Re1
Rcd8 28. Kg1 f5 29. Bc3 Ba7 30. c5 dxc5 31. bxc5 f4 32. Nd4 Bd5 33. Qxf4 Qh3
34. Nxd5 Rxd5 35. Rf1 Qh5 36. Nxe6 h6 37. Nxg7 Bxc5+ 38. Kh1 1-0

[Event "Aeroflot Open 2016 B"]
[Site "Moscu RUS"]
[Date "2016.03.06"]
[Round "6.6"]
[White "Vavulin, Maksim"]
[Black "Rogozenco, Dorian"]
[Result "1-0"]
[WhiteElo "2456"]
[BlackElo "2500"]
[PlyCount "77"]
[EventDate "2016.03.01"]
[EventType "swiss"]
[EventRounds "9"]
[EventCountry "RUS"]
[Source "lmi"]
[SourceDate "2016.03.01"]

1. e4 c5 2. b3 Nf6 3. e5 Nd5 4. Bb2 g6 5. Bc4 Nb6 6. e6 f6 7. Bb5 Bg7 8. h4 Nc6
9. h5 dxe6 10. Nc3 f5 11. Bxc6+ bxc6 12. Qf3 g5 13. Qxc6+ Qd7 14. Qxc5 Bb7 15.
f3 O-O 16. O-O-O Rfc8 17. Qa5 Rc7 18. Nge2 Rac8 19. Kb1 Rc5 20. Qxa7 Qc7 21.
Qa3 Rb8 22. Rhe1 Bf6 23. d4 Rc6 24. Nb5 Qh2 25. d5 Bxb2 26. Qxb2 Nxd5 27. Ned4
Rb6 28. Nxe6 Nf6 29. c4 Qxh5 30. Ned4 Qg6 31. Rxe7 Ba6 32. a4 Bc8 33. Nc6 f4+
34. Ka2 Bf5 35. Nxb8 Rxb8 36. Rd6 Rf8 37. Nd4 Bc8 38. Ne6 Nh5 39. c5 1-0

[Event "Aeroflot Open 2016 B"]
[Site "Moscu RUS"]
[Date "2016.03.06"]
[Round "6.7"]
[White "Kashlinskaya, Alina"]
[Black "Lugovskoy, Maxim"]
[Result "0-1"]
[WhiteElo "2454"]
[BlackElo "2499"]
[PlyCount "66"]
[EventDate "2016.03.01"]
[EventType "swiss"]
[EventRounds "9"]
[EventCountry "RUS"]
[Source "lmi"]
[SourceDate "2016.03.01"]

1. d4 e6 2. c4 b6 3. e4 Bb7 4. Bd3 f5 5. exf5 Bb4+ 6. Kf1 Nf6 7. Nf3 O-O 8. c5
bxc5 9. a3 c4 10. Bxc4 Ba5 11. Nc3 Kh8 12. fxe6 Bxc3 13. bxc3 dxe6 14. Ng5 Qe8
15. Qe2 Qc6 16. f3 Ba6 17. Bxa6 Nxa6 18. Bd2 Rae8 19. Re1 e5 20. dxe5 h6 21.
Nh3 Nc5 22. Nf4 Nd5 23. Qc4 Nb6 24. Qa2 g5 25. Nh5 Nd3 26. Re3 Nxe5 27. Kg1
Nbc4 28. Re4 Nxf3+ 29. gxf3 Rxe4 30. fxe4 Qc5+ 31. Kg2 Qf2+ 32. Kh3 Qh4+ 33.
Kg2 Rf2+ 0-1

[Event "Aeroflot Open 2016 B"]
[Site "Moscu RUS"]
[Date "2016.03.06"]
[Round "6.8"]
[White "Golubov, Saveliy"]
[Black "Evdokimov, Alexander A"]
[Result "0-1"]
[WhiteElo "2469"]
[BlackElo "2490"]
[PlyCount "98"]
[EventDate "2016.03.01"]
[EventType "swiss"]
[EventRounds "9"]
[EventCountry "RUS"]
[Source "lmi"]
[SourceDate "2016.03.01"]

1. e4 c5 2. Nf3 Nc6 3. d3 g6 4. g3 Bg7 5. Bg2 e5 6. O-O Nge7 7. Be3 d6 8. Qd2
O-O 9. Bh6 Be6 10. Bxg7 Kxg7 11. c3 Qb6 12. Na3 Rad8 13. Ng5 Bc8 14. Nc4 Qc7
15. f4 f6 16. Nf3 exf4 17. Qxf4 Ne5 18. Nfxe5 dxe5 19. Qd2 Be6 20. Ne3 Rd6 21.
Rf3 Qd7 22. Raf1 b6 23. a3 Ng8 24. R1f2 c4 25. Bf1 cxd3 26. Ng2 Bc4 27. Ne1 Rd8
28. Re3 Nh6 29. h3 Nf7 30. Kh2 a5 31. Qd1 a4 32. Rd2 b5 33. Qf3 Ng5 34. Qf2 Qa7
35. Kg1 Qb7 36. Qg2 Qb6 37. Qf2 Qb7 38. Qg2 Qb6 39. Qf2 Ne6 40. Nf3 Nc5 41. Rd1
Bb3 42. Rd2 Bc4 43. Rd1 Bb3 44. Rd2 Bc2 45. g4 Nb3 46. h4 Nxd2 47. Nxd2 Bd1 48.
Bh3 h5 49. gxh5 Bxh5 0-1